000
00345nam a2200145Ia 4500
008
240624s9999 xx 000 0 und d
041
_a
eng
082
_a
808.51 OSB
100
_a
OSBORN MICHAEL
245
_a
PUBLIC SPEAKING
250
_a
(4th ed.)
260
_c
2000
_a
Delhi
_b
A.I.T.B.S.
300
_a
xxii, : 513 : p. : cm. ; 25
365
_c
RS
999
_c
1490
_d
1490